书目信息 |
| 题名: |
猫耳朵里的魔法师
|
|
| 作者: | 葛竞 著 | |
| 分册: | ||
| 出版信息: | 北京 外语教学与研究出版社 2009.02 |
|
| 页数: | 196页 | |
| 开本: | 20cm | |
| 丛书名: | 魔法姐姐童话水晶球 | |
| 单 册: | ||
| 中图分类: | I287.7 | |
| 科图分类: | ||
| 主题词: | 童话--中国--现代--选集 , 童话 | |
| 电子资源: | ||
| ISBN: | 978-7-5600-8154-0 | |
| 000 | 00817oam2 2200277 450 | |
| 001 | 012004330959 | |
| 005 | 20110718130551.39 | |
| 010 | @a978-7-5600-8154-0@dCNY15.00 | |
| 100 | @a20091118d2009 a y0chiy0110 ea | |
| 101 | 0 | @achi |
| 102 | @aCN@b110000 | |
| 105 | @aa z 000fy | |
| 106 | @ar | |
| 200 | 1 | @a猫耳朵里的魔法师@Amao er duo li de mo fa shi@f葛竞著 |
| 210 | @a北京@c外语教学与研究出版社@d2009.02 | |
| 215 | @a196页@c图@d20cm | |
| 225 | 2 | @a魔法姐姐童话水晶球 |
| 330 | @a本书主要内容包括:钟的生日;一天屋;吞光线的小胖人;开轧路机的小人儿;吱吱叫的帽子;笔;透明人等。 | |
| 410 | 0 | @12001 @a魔法姐姐童话水晶球 |
| 586 | @a | |
| 606 | 0 | @a童话@y中国@z现代@j选集 |
| 606 | 0 | @a童话 |
| 690 | @aI287.7@v5 | |
| 701 | 0 | @a葛竞@Age jing@4著 |
| 801 | 0 | @aCN@c20110610 |
| 905 | @dI287.7@eG305@f3 | |
| 猫耳朵里的魔法师/葛竞著.-北京:外语教学与研究出版社,2009.02 |
| 196页:图;20cm.-(魔法姐姐童话水晶球) |
| ISBN 978-7-5600-8154-0:CNY15.00 |
| 本书主要内容包括:钟的生日;一天屋;吞光线的小胖人;开轧路机的小人儿;吱吱叫的帽子;笔;透明人等。 |
| ● |
| 相关链接 |
|
|
|
正题名:猫耳朵里的魔法师
索取号:I287.7/G305
 
预约/预借
| 序号 | 登录号 | 条形码 | 馆藏地/架位号 | 状态 | 备注 |
| 1 | 885782 | 208857824 | 社科二线400B/116文学库 13排3列5层/ [索取号:I287.7/G305] | 在馆 | |
| 2 | 885783 | 208857833 | 社科二线422/116文学库 13排3列5层/ [索取号:I287.7/G305] | 在馆 | |
| 3 | 885784 | 208857842 | 社科二线400B/116文学库 13排3列5层/ [索取号:I287.7/G305] | 在馆 |